000 00669cam a2200205 a 4500
001 000009838
005 20200929161727.0
008 860415s1969 sp 001 p spa
040 _aDO-SdBNP
_cspa
_dBNPHU
082 _a861.6
_bJ61s
100 1 _aJiménez, Juan Ramón,
_d1881-1958.
_98948
245 1 0 _aSegunda antolojía poética (1898-1918) /
_cJuan Ramón Jiménez.
260 _aMadrid :
_bEspasa-Calpe,
_c1969.
300 _a264 p. ;
_c18 cm.
490 1 _aUniversal
_v1460
650 4 _aPoesía española
_vCOLECCIONES
_99198
650 4 _aLiteratura española
_ySIGLO XX
_93326
830 0 _aUniversal
_v1460.
_924753
910 _aValidado. Control de calidad BNPHU
999 _c9597
_d9597